Harry Potter y el cáliz de fuego
Guardat en:
| Autor principal: | |
|---|---|
| Format: | Llibre |
| Idioma: | espanyol |
| Publicat: |
Barcelona
Salamandra
2001
|
| Edició: | 1a. ed |
| Matèries: | |
| Etiquetes: |
Afegir etiqueta
Sense etiquetes, Sigues el primer a etiquetar aquest registre!
|
MARC
| LEADER | 00000cam a2200000 a 4500 | ||
|---|---|---|---|
| 001 | UCN2889 | ||
| 003 | CL-VaPUC | ||
| 008 | 010615e20010000SP |||||||||||||||||spa|d | ||
| 082 | 0 | 4 | |a 823 |b ROW |2 21 |
| 100 | 0 | |a Rowling, Joanne K |e author |9 459138 | |
| 245 | 1 | 0 | |a Harry Potter y el cáliz de fuego |
| 250 | |a 1a. ed | ||
| 300 | |a 635 p | ||
| 942 | |c BK | ||
| 945 | |d 20010615 00:00:00 |a cmena | ||
| 260 | |a Barcelona |b Salamandra |c 2001 | ||
| 650 | 0 | |a Novelas inglesas |9 265220 | |
| 650 | 0 | |a Literatura juvenil |9 309909 | |
| 583 | |a last modification |c 20131126 08:59:14 |k Rodrigo Vera | ||
| 999 | |c 295908 |d 295906 | ||
| 952 | |0 0 |1 0 |4 0 |6 823_000000000000000_ROW_2001 |7 0 |8 A |9 349343 |a BIBEDU |b BIBEDU |d 2019-11-20 |i 3733416 |l 1 |o 823 ROW 2001 |p 3733416 |r 2022-11-17 |s 2022-10-04 |w 2019-11-20 |y BK |k BME | ||